000 00341nam a2200145Ia 4500
008 150201s2004 xx 000 0 und d
082 _a618.92
_bC2004S
100 _aSINGH,MEHARBAN
245 _aCAREOF THE NEW BORN
250 _a6TH
260 _bSAGAR PUBLICATION
_aDELHI
_c2004
300 _a1-491
650 _aNURSING
942 _2ddc
_cBK
999 _c3944
_d3944